[Event "SVE Seniors op 2nd"]
[Site "Eidelstedt"]
[Date "2019.07.22"]
[Round "3"]
[White "Warneke, Perygrin"]
[Black "Brakelmann, Peter"]
[Result "0-1"]
[WhiteElo "1653"]
[BlackElo "1675"]
[PlyCount "90"]
[EventDate "2019.07.15"]
[EventType "swiss"]
[EventRounds "7"]
[EventCountry "GER"]
[SourceTitle "EXT 2020"]
[Source "ChessBase"]
[SourceDate "2019.10.17"]
[SourceVersion "1"]
[SourceVersionDate "2019.10.17"]
[SourceQuality "1"]

1. d4 Nf6 2. Nf3 d5 3. c4 e6 4. Bg5 Be7 5. e3 Nbd7 6. Nc3 h6 7. Bh4 0-0 8. Bd3 c5 9. 0-0 b6 10. cxd5 Nxd5 11. Bxe7 Qxe7 12. Nxd5 exd5 13. Re1 Nf6 14. Be2 Be6 15. Rc1 c4 16. a3 b5 17. Ne5 Qd6 18. Bg4 Nd7 19. Nxd7 Qxd7 20. Bxe6 fxe6 21. Qd2 a5 22. g3 Rfb8 23. Ra1 Qd6 24. Rec1 b4 25. a4 Rc8 26. Kg2 Rc7 27. Qe1 Rac8 28. Qd1 e5 29. Qe1 Qf6 30. Qe2 exd4 31. exd4 Re7 32. Qd2 Re4 33. Rd1 Rce8 34. Re1 Qg6 35. f3 Rxe1 36. Rxe1 Rxe1 37. Qxe1 Qc2+ 38. Kh3 c3 39. Qe6+ Kh7 40. bxc3 b3 41. f4 Qg6 42. Qxd5 b2 43. f5 Qh5+ 44. Kg2 b1Q 45. Qe5 Qc2+ 0-1

[Event "GER-ch Seniors 65"]
[Site "Hamburg"]
[Date "2018.07.22"]
[Round "2"]
[White "Brakelmann, Peter"]
[Black "Wiebke, Elfriede"]
[Result "1-0"]
[WhiteElo "1709"]
[BlackElo "1223"]
[PlyCount "113"]
[EventDate "2018.07.21"]
[EventType "swiss"]
[EventRounds "9"]
[EventCountry "GER"]
[SourceTitle "CBM 186 Extra"]
[Source "ChessBase"]
[SourceDate "2018.08.24"]
[SourceVersion "1"]
[SourceVersionDate "2018.08.24"]
[SourceQuality "1"]

1. c4 c5 2. Nc3 Nf6 3. g3 Nc6 4. Bg2 a6 5. d3 e5 6. Bg5 Be7 7. Nf3 h6 8. Bxf6 Bxf6 9. Nd5 0-0 10. Nd2 d6 11. Ne4 Kh8 12. Nexf6 gxf6 13. Qd2 Kh7 14. 0-0 Rg8 15. a3 Be6 16. f4 Bxd5 17. Bxd5 Qd7 18. e3 Rg4 19. fxe5 f5 20. Bxc6 bxc6 21. Qf2 dxe5 22. Qxf5+ Qxf5 23. Rxf5 Rd8 24. Rxf7+ Kg8 25. Raf1 Rxd3 26. Rf8+ Kh7 27. R1f7+ Rg7 28. Rxg7+ Kxg7 29. Rc8 Rxe3 30. Kf2 Re4 31. b3 Rd4 32. Rxc6 Rd2+ 33. Kf3 Rd3+ 34. Ke4 Rxb3 35. Rxa6 h5 36. Kxe5 Re3+ 37. Kf5 Rf3+ 38. Kg5 Rc3 39. Ra7+ Kf8 40. Ra4 Re3 41. Kxh5 Re5+ 42. Kg4 Kf7 43. Kf4 Re2 44. h4 Rf2+ 45. Kg5 Rf3 46. g4 Ke6 47. Ra6+ Ke5 48. h5 Rf8 49. h6 Kd4 50. Rf6 Re8 51. Rf4+ Kc3 52. h7 Kb3 53. Kg6 Re6+ 54. Kg7 Kxa3 55. h8Q Re7+ 56. Kf6 Re3 57. Qb8 1-0

[Event "Hamburg-ch Seniors 22nd"]
[Site "Hamburg"]
[Date "2015.11.03"]
[Round "7"]
[White "Brakelmann, Peter"]
[Black "Dangelowski, Peter"]
[Result "0-1"]
[WhiteElo "1647"]
[BlackElo "1778"]
[PlyCount "110"]
[EventDate "2015.10.28"]
[EventType "swiss"]
[EventRounds "9"]
[EventCountry "GER"]
[SourceTitle "EXT 2018"]
[Source "ChessBase"]
[SourceDate "2017.10.13"]
[SourceVersion "1"]
[SourceVersionDate "2017.10.13"]
[SourceQuality "1"]

1. c4 e5 2. Nc3 Nf6 3. d3 Nc6 4. g3 Bb4 5. a3 Bxc3+ 6. bxc3 d6 7. Bg2 0-0 8. e4 Be6 9. Ne2 h6 10. 0-0 Qd7 11. f3 Nh7 12. Be3 b6 13. Qd2 f6 14. f4 exf4 15. Nxf4 Ne5 16. Nxe6 Qxe6 17. Rf2 Qc8 18. Qe2 Qe6 19. Raf1 Qg4 20. Qc2 Ng5 21. Bxg5 fxg5 22. Rf5 Rxf5 23. Rxf5 Rf8 24. c5 Rxf5 25. exf5 Qxf5 26. Be4 Qf8 27. Qa2+ Kh8 28. cxb6 axb6 29. Qe2 Nd7 30. d4 Nf6 31. Bc6 d5 32. a4 Qd6 33. Bb5 Ne4 34. Bd3 Nf6 35. Qg2 Qe6 36. Qf2 Ne4 37. Qf8+ Kh7 38. c4 c6 39. cxd5 cxd5 40. Kg2 Qf6 41. Qxf6 gxf6 42. Bxe4+ dxe4 43. d5 Kg7 44. Kf2 f5 45. Ke3 Kf7 46. d6 Ke6 47. d7 Kxd7 48. g4 f4+ 49. Kxe4 Kc6 50. Kd4 Kb7 51. Ke4 Ka6 52. h4 Ka5 53. hxg5 hxg5 54. Kf5 f3 55. Kxg5 f2 0-1